Spoločné podnikanie manželov

Spôsoby spoločného podnikania manželov, jeho výhody a nevýhody. Podnikanie manželov ako dvoch samostatných podnikateľských subjektov. Podnikanie manželov v združení. Podnikanie vzájomným zamestnávaním. Vypomáhanie manželovi (manželke). Tiché spoločenstvo.

Na minha lista:
Detalhes bibliográficos
Autor principal: Strählová, Jarmila
Formato: Capítulo de Livro
Idioma:eslovaco
Assuntos:
Tags: Adicionar Tag
Sem tags, seja o primeiro a adicionar uma tag!

MARC

LEADER 00000naa$a2200000$$$4500
001 0052556
005 20231114095119.5
041 0 |a slo 
044 |a SK 
245 1 0 |a Spoločné podnikanie manželov  |c Jarmila Strählová 
520 |a Spôsoby spoločného podnikania manželov, jeho výhody a nevýhody. Podnikanie manželov ako dvoch samostatných podnikateľských subjektov. Podnikanie manželov v združení. Podnikanie vzájomným zamestnávaním. Vypomáhanie manželovi (manželke). Tiché spoločenstvo. 
610 2 0 |a jednotka podnikateľská 
610 2 0 |a podnikanie rodinné 
610 2 0 |a podnik rodinný 
610 2 0 |a účtovníctvo jednoduché 
610 2 0 |a spoločenstvo tiché 
100 1 |a Strählová, Jarmila